Voting rights of refugees
Պահպանված է:
| Հիմնական հեղինակ: | |
|---|---|
| Ձևաչափ: | Գիրք |
| Լեզու: | անգլերեն |
| Հրապարակվել է: |
Cambridge University Press
2017
|
| Ցուցիչներ: |
Ավելացրեք ցուցիչ
Չկան պիտակներ, Եղեք առաջինը, ով նշում է այս գրառումը!
|
MARC
| LEADER | 00000nam a22000007a 4500 | ||
|---|---|---|---|
| 008 | 240221b |||||||| |||| 00| 0 eng d | ||
| 020 | |a 9781316612194 | ||
| 100 | |a ZIEGLER, Ruvi | ||
| 245 | |a Voting rights of refugees |c /Ruvi Ziegler |g xxiii, 262p | ||
| 260 | |b Cambridge University Press |c 2017 |h New York |i 700754 |i 700755 |l K3230.R45Zi6 |m Convention Relating to the Status of Refugee (1951 July 28) |m Refugees- Legal status, laws, etc |m Suffrage | ||
| 500 | |a it includes references and index | ||
| 942 | |a lcc |c BK |e Johnson |f 21/02/24 | ||
| 952 | |0 0 |1 0 |2 lcc |4 0 |6 K3230 R45 Z I6 |7 0 |9 4866 |a LL |b HOL |c GJ |d 2024-02-21 |l 0 |o K3230.R45Zi6 |p 2024-0119 |r 2024-02-21 00:00:00 |t 700754 |w 2024-02-21 |y BK | ||
| 952 | |0 0 |1 0 |2 lcc |4 0 |6 K3230 R45 Z I6 |7 0 |9 4867 |a LL |b HOL |c GJ |d 2024-02-21 |l 0 |o K3230.R45Zi6 |p 2024-0120 |r 2024-02-21 00:00:00 |t 700755 |w 2024-02-21 |y BK | ||
| 999 | |c 2426 |d 2426 | ||